000 00773nam a22002297a 4500
999 _c4720
_d4720
003 AR-CdUCM
008 190311b ||||| |||| 00| 0 spa d
040 _aMUNICIPALIDAD PROVINCIAL DEL CUSCO
_cBIBLIOTECA MUNICIPAL DEL CUSCO
082 _a373.377 /
_bC517
100 _aChancel, Abel
_914630
245 _aEl libro del maestro para la enseñanza del dibujo :
_b250 lecciones modelos, doce de ellas en color /
260 _aLima :
_bRosay,
_c1910.
300 _a270 paginas ;
_bIlustraciones,graficos
_c24cm.
500 _aCuadernos de trabajo
650 _aIlustraciones
_914631
650 _aDibujos
_92628
650 _aCuadernos de trabajo
_93321
700 _aAzaís, J.
_914632
700 _aToro Gómez, Miguel
_914633
942 _2ddc
_cLIBROS
945 _apjha